000
00220nam a22000857a 4500
008
161201b xxu||||| |||| 00| 0 eng d
100
_9
1677
_a
Doshi,D.M
245
_a
General knowledge Update
260
_b
New Delhi
_c
Cordova
_d
2007
999
_c
4388
_d
4388